Quiz sulla storia dell'Algeria - Statistics

Statistiche generali
  • Questo quiz è stato fatto 15 volte
  • Il punteggio medio è 8 su 15
Statistiche sulle risposte
DOMANDA RISPOSTA % Corretto
Stato europeo che colonizzò l'Algeria Francia
86%
Religione che si diffuse nella regione dopo l'VIII secolo Islam
79%
Anno di indipendenza algerina 1962
71%
Catena montuosa in questa regione Atlante
71%
Area geografica e culturale dell'Africa nordoccidentale Maghreb
71%
Dal 2011 è lo stato africano più esteso grazie all'indipendenza di questa nazione Sud Sudan/Sudan del Sud
71%
Antiche popolazioni stanziate nel nordafrica che hanno dato nome alla 2 lingua parlata in Algeria Berberi
64%
Famoso santo e filosofo vescovo d'Ippona che cristianizzò la regione (nome proprio) Agostino
50%
Nome delle proteste nel mondo arabo nate dopo l'anno 2000 (plur.) Primavere
50%
Popolo barbaro proveniente dalla Spagna che conquistò la regione e fece anche il famoso sacco di Roma nel 455 Vandali
50%
Nel 1967 in blocco col mondo arabo dichiarò guerra a questo paese senza mai intervenire Israele
43%
Imperatore romano d'Oriente che riconquistò l'Algeria per un breve periodo nel 534 Giustiniano
29%
Imperatore che concesse su domanda la cittadinanza agli algerini e che aiutò molto l'Italia nel processo di unificazione Napoleone III
29%
Antica popolazione stanziata in Algeria che ebbe tra i suoi re Massinissa noto per la sua allenza con i Romani Numidi
29%
Corrente di quest'ultima ai quali aderirono berberi (Oggi è il terzo ramo con più fedeli) Kharigismo
0%
Nessun quiz corrispondente trovato
Distribuzione punteggi
Percentuale di utenti per punteggio
Percentile per numero di risposta
I tuoi punteggi nel tempo
Non hai fatto questo quiz